| 000 | 00495nam a22001937a 4500 | ||
|---|---|---|---|
| 003 | MPLRDC | ||
| 005 | 20220104142836.0 | ||
| 008 | 210129b ||||| |||| 00| 0 eng d | ||
| 020 | _a7-5005-0386-5 | ||
| 082 | _a539.52 XSQ | ||
| 100 | _a夏思泉编写 | ||
| 245 |
_a古今商事趣谈 _c |
||
| 250 | _a一版一刷 | ||
| 260 |
_a _b中国财政经济出版社 _c1988 |
||
| 300 | _b平 | ||
| 490 | _a中国商业史学会丛书 | ||
| 650 | _a中国民间故事 | ||
| 942 |
_cBK _o539.52 XSQ |
||
| 999 |
_c34154 _d34144 |
||